000 00433cam a2200181ua 4500
001 1174
008 120731n1965 II |||gr||||Z||||||asm
040 _aMAIN
041 _aEnglish
082 _a891.49209 SHA
100 _aSHARMA, SATYENDRANATH
245 _aASOMIYA NATYA SAHITYA
250 _a2nd----1965.
260 _aGUWAHATI
_bNEW BOOK STALL
_c1965
300 _a387:
_c20CM.
653 _aAsomiya Natya Sahitya
942 _cBK
999 _c1173
_d1173